Rugby Quiz - Club Top 14 #2 - Statistiques

Statistiques générales
  • Ce quiz a été pris 114 fois
  • Le résultat moyen est 9 sur 14
Statistiques - réponses
Hint Réponse % Correct
Combien de titres de champion de France le Castres Olympique a-t-il remportés au XXIe siècle ? 2
99%
En quelle année la Section Paloise a-t-elle retrouvé le Top 14 après une longue période en Pro D2 ? 2015
88%
Qui était l'entraîneur du Stade Rochelais lors de son premier sacre en Champions Cup ? Ronan O’Gara
88%
Quelle est la musique populaire des supporters du RC Toulon ? Pilou-pilou
85%
Quel est le nom du stade où évolue l’Union Bordeaux-Bègles ? Le Stade Chaban-Delmas
82%
Quelle star du rugby néo-zélandais a joué pour l’USAP entre 2010 et 2011 ? Dan Carter
81%
Quel numéro 9 international Français à débuté sa carrière professionnel au RC Vannes ? Nolan Le Garrec
75%
Quel entraîneur emblématique a dirigé le Stade Toulousain pendant plus de 20 ans, remportant de nombreux titres ? Guy Novès
72%
En quelle année le Stade Français a-t-il failli disparaître avant d’être sauvé par Hans-Peter Wild ? 2017
67%
Quel joueur géorgien du LOU Rugby a terminé meilleur marqueur d’essais du Top 14 en 2021-2022 ? Davit Niniashvili
64%
Quel ancien entraîneur du MHR a également été sélectionneur de l'équipe de France de rugby ? Fabien Galthié
44%
Quel est le surnom donné aux supporters de l’ASM Clermont Auvergne ? Yellow Army
38%
Quel est le surnom de l'Aviron Bayonnais ? Les Ciel et Blanc
14%
Quel joueur de Montpellier a inscrit un triplé en finale du Top 14 2022 ? Arthur Vincent
7%
Aucun quiz correspondant
Distribution des résultats
% des personnes avec chaque résultat
Percentile par nombre de réponses
Votre historique - résultats
Vous n’avez pas pris ce quiz